000
00316nam a2200121Ia 4500
008
190216s9999||||xx |||||||||||||| ||und||
100
_a
Muhammed Murmaduke Pickthal
245
4
_a
The Cultural Side Of Islam
260
_b
"Kitab Bhavan, New Delhi-2"
_c
1990
300
_a
193
650
_a
Islamic History
942
_c
BK
999
_c
22111
_d
22111